|
|
|
|
| LEADER |
01403nam a22003617a 4500 |
| 001 |
35841 |
| 003 |
BD-DhAAL |
| 005 |
20211206123852.0 |
| 008 |
200304r19901983bg a b 000 0 eng d |
| 999 |
|
|
|c 42292
|d 42292
|
| 010 |
|
|
|a 84221174
|
| 020 |
|
|
|a 9840510991
|
| 020 |
|
|
|a 0935028161 (Zed)
|
| 020 |
|
|
|a 0862321719
|
| 020 |
|
|
|a 0862321727
|
| 040 |
|
|
|a DLC
|c DLC
|d DLC
|d BD-DhAAL
|
| 043 |
|
|
|a a-bg---
|
| 050 |
0 |
0 |
|a HN690.6.A8
|b H37 1983
|
| 082 |
0 |
0 |
|a 954.92
|2 19
|
| 100 |
1 |
|
|a Hartmann, Betsy.
|9 39762
|
| 245 |
1 |
2 |
|a A quiet violence :
|b view from a Bangladesh village /
|c Betsy Hartmann and James K. Boyce.
|
| 260 |
|
|
|a London :
|b Zed Press ;
|a San Francisco, CA :
|b Institute for Food and Development Policy,
|c 1983 [fifth impression 1990]
|
| 300 |
|
|
|a xi, 285 pages :
|b illustrations ;
|c 23 cm.
|
| 440 |
|
0 |
|a Third World studies
|9 39763
|
| 504 |
|
|
|a Includes bibliographical references.
|
| 526 |
|
|
|a BIED
|
| 541 |
|
|
|a Complimentary copy from BIED
|e 35841
|
| 650 |
|
0 |
|a Villages
|z Bangladesh.
|9 39764
|
| 651 |
|
0 |
|a Bangladesh
|x Rural conditions.
|9 39765
|
| 700 |
1 |
|
|a Boyce, James K.
|9 39766
|
| 852 |
|
|
|a Ayesha Abed Library
|c BIED Collection
|
| 942 |
|
|
|2 ddc
|c BK
|
| 952 |
|
|
|0 0
|1 0
|2 ddc
|4 0
|6 954_920000000000000_HAR
|7 0
|9 68091
|a BRACUL
|b BRACUL
|c GEN
|d 2020-03-04
|e Complimentary copy from BIED
|l 1
|o 954.92 HAR
|p 3010035841
|r 2024-12-29
|s 2024-12-22
|t 1
|w 2020-03-04
|y BK
|x Transferred from BIED to General Stacks
|